Lenin: ateísmo y militancia marxista en la obra de 1905 socialismo y religión /
Durante el 2005 se ha guardado un rotundo -coherente- silencio entre la intelectualidad de Costa Rica sobre el aniversario de dos hechos de ineludible importancia para la historia y el pensamiento: la revolución de la población rusa en 1905 y la publicación, en ese mismo tiempo, del texto de Lennin...
Gorde:
| Egile nagusia: | |
|---|---|
| Formatua: | Texto |
| Gaiak: | |
| Etiketak: |
Etiketa erantsi
Etiketarik gabe, Izan zaitez lehena erregistro honi etiketa jartzen!
|
MARC
| LEADER | 00000 a a2200000 04500 | ||
|---|---|---|---|
| 001 | 13697 | ||
| 003 | |||
| 040 | |||
| 100 | |a Sáncez de las Matas Marín, María C. | ||
| 245 | |a Lenin: ateísmo y militancia marxista en la obra de 1905 socialismo y religión / |c María C. Sáncez de las Matas Marín | ||
| 520 | |a Durante el 2005 se ha guardado un rotundo -coherente- silencio entre la intelectualidad de Costa Rica sobre el aniversario de dos hechos de ineludible importancia para la historia y el pensamiento: la revolución de la población rusa en 1905 y la publicación, en ese mismo tiempo, del texto de Lennin "Socialismo y religión". Este articulo pretende traer a la memoria algunos acontecimientos de lo que el propio filosofo revolucionario denominó "el ensayo general", así como las ideas fundamentales que establecieron la posición marxista-leninista en cuanto a la religión y el estado | ||
| 650 | |a SOCIALISMO | ||
| 650 | |a MARXISMO | ||
| 650 | |a REVOLUCION | ||
| 650 | |a SOVIETICOS | ||
| 650 | |a RUSIA | ||
| 773 | |g volumen 84, número 2; páginas 103-113 | ||
| 999 | |c 39762 |d 39762 | ||
